| 000 | 00569nam a2200181 i 4500 | ||
|---|---|---|---|
| 001 | 90056 | ||
| 003 | ES-MaACL | ||
| 005 | 20251210170612.0 | ||
| 007 | t| | ||
| 008 | 050118s1974 sp ||||1| spa d | ||
| 100 | 1 |
_aLázaro Carreter, Fernando, _d1923-2004 _970798 |
|
| 245 | 1 | 0 |
_aLiteratura y educación / _cencuesta realizada por Fernando Lázaro Carreter ; Emilio Alarcos ... [et al.]. |
| 260 |
_aMadrid : _bCastalia, _c[1974] |
||
| 300 |
_a339 p. ; _c19 cm. |
||
| 710 | 1 |
_a _9242608 |
|
| 852 |
_aES-MaACL _jE-8388 _bR.92666 |
||
| 999 |
_c90056 _d90056 |
||